00786cam a22002291 4500001001300000003000400013005001700017008004100034010001700075035001900092040005000111050002100161082001200182100004100194245008500235260004300320300003200363500009900395504003000494650001500524999001700539sg 45000087 DLC20260227112745.0780320s1944 mdua b 001 0 eng c asg 45000087  a(OCoLC)3732171 aU. S. Surg.-gen. off. Libr.cTxCMdMBU-MdDLC00aRC140b.C68 1944 a616.9351 aCraig, Charles Franklin,d1872-1950.14aThe etiology, diagnosis, and treatment of amebiasis,cby Charles Franklin Craig. aBaltimore,bWilliams & Wilkins,c1944. avii, 332 p.billus.c24 cm. aRevised and enlarged edition of the author's "Amebiasis and amebic dysentery," published 1934. a"References": p. 310-319. 0aAmebiasis. c90558d90558